000 00282nam a22001337a 4500
008 170914b xxu||||| |||| 00| 0 eng d
020 _at 5311
041 _aeng
080 _a7
100 _a44
101 _aART
245 _aBASIC DRAMA PROJECTS
_cTANNER, F.A
942 _2udc
_cBK
999 _c27667
_d27667